Linie tramwajowe w Poznaniu - schematy tras - Statystyki

Ogólne statystyki
  • Ten quiz został rozwiązany 168 razy
    159 od ostatniego zresetowania
  • Średni wynik to 16 z 20
Statystyki odpowiedzi
Obrazkowy Odpowiedź % Poprawnych
18
89%
6
89%
8
89%
2
88%
1
87%
7
87%
12
86%
14
86%
16
86%
5
86%
10
84%
15
84%
3
84%
9
84%
17
82%
11
81%
13
79%
19
75%
201
49%
202
48%
Nie znaleziono quizów pasujących do podanych kryteriów
Rozkład punktacji
Procent ludzi z każdym wynikiem
Percentyl według liczby udzielonych odpowiedzi
Twoja historia wyników
Nie rozwiązałeś tego quizu od ostatniego zresetowania